000 01209nac a22003251u 4500
003 EG-ScBUE
005 20211118142353.0
008 200219t1979 alu f b 001 0 eng d
020 _a0817380086
040 _aEG-ScBUE
_beng
_erda
_cEG-ScBUE
_dEG-ScBUE
082 0 4 _a830.9
_bPRO
_222
245 0 0 _aProtest-form-tradition :
_bessays on German exile literature /
_cedited by Joseph P. Strelka, Robert F. Bell, and Eugene Dobson.
264 1 _aAlabama :
_bThe University of Alabama Press,
_c[1979]
264 4 _cc1979
300 _axiii, 144 pages ;
_c22 cm
336 _2rdacontent
_atext
_btxt
337 _2rdamedia
_aunmediated
_bn
338 _2rdacarrier
_avolume
_bnc
504 _aIncludes bibliographical references and index.
650 7 _aGerman literature
_zForeign countries
_xHistory and criticism.
_2BUEsh
_939270
650 7 _aGerman literature
_y20th century
_xHistory and criticism.
_2BUEsh
_939270
651 _2BUEsh
653 _bHHUUEENN
_cNovember2021
655 _vReading book
_934232
700 1 _aStrelka, Joseph,
_d1927-
_eeditor.
700 1 _aBell, Robert F.,
_d1937-
_eeditor.
700 1 _aDobson, Eugene.
_eeditor.
942 _cBB
_2ddc
999 _c1736
_d1736